<?xml version="1.0" encoding="UTF-8"?><?xml-stylesheet type="text/xsl" href="static/style.xsl"?><OAI-PMH xmlns="http://www.openarchives.org/OAI/2.0/" xmlns:xsi="http://www.w3.org/2001/XMLSchema-instance" xsi:schemaLocation="http://www.openarchives.org/OAI/2.0/ http://www.openarchives.org/OAI/2.0/OAI-PMH.xsd"><responseDate>2026-04-17T02:36:13Z</responseDate><request verb="GetRecord" identifier="oai:www.recercat.cat:2072/409293" metadataPrefix="marc">https://recercat.cat/oai/request</request><GetRecord><record><header><identifier>oai:recercat.cat:2072/409293</identifier><datestamp>2026-04-14T01:46:35Z</datestamp><setSpec>com_2072_98</setSpec><setSpec>col_2072_378192</setSpec></header><metadata><record xmlns="http://www.loc.gov/MARC21/slim" xmlns:dcterms="http://purl.org/dc/terms/" xmlns:xsi="http://www.w3.org/2001/XMLSchema-instance" xmlns:doc="http://www.lyncode.com/xoai" xsi:schemaLocation="http://www.loc.gov/MARC21/slim http://www.loc.gov/standards/marcxml/schema/MARC21slim.xsd">
   <leader>00925njm 22002777a 4500</leader>
   <datafield ind2=" " ind1=" " tag="042">
      <subfield code="a">dc</subfield>
   </datafield>
   <datafield ind2=" " ind1=" " tag="720">
      <subfield code="a">Ruiz Mallén, Isabel</subfield>
      <subfield code="e">author</subfield>
   </datafield>
   <datafield ind2=" " ind1=" " tag="260">
      <subfield code="c">2015</subfield>
   </datafield>
   <datafield ind2=" " ind1=" " tag="520">
      <subfield code="a">Aquest treball ha estudiat la vulnerabilitat i l'adaptació locals al canvi global en dues Reserves de la Biosfera habitades per població rural i indígena, a Mèxic i a Bolívia. S'ha detectat que unes normes de conservació estrictes afecten la capacitat local per desenvolupar estratègies d'adaptació a llarg termini, i que la manca d'aplicació de la cogestió és una amenaça important per als mitjans de vida locals. Finalment, s'ha arribat a la conclusió que el paper d'aquestes reserves de la biosfera a l'hora de millorar l'adaptació local al canvi global encara és limitat.</subfield>
   </datafield>
   <datafield ind2=" " ind1=" " tag="520">
      <subfield code="a">Este trabajo ha estudiado la vulnerabilidad y la adaptación locales al cambio global en dos Reservas de la Biosfera habitadas por población rural e indígena, en México y en Bolivia. Se ha detectado que unas normas de conservación estrictas afectan a la capacidad local para desarrollar estrategias de adaptación a largo plazo, y que la falta de aplicación de la cogestión es una amenaza importante para los medios de vida locales. Finalmente, se ha llegado a la conclusión de que el papel de estas reservas de la biosfera a la hora de mejorar la adaptación local al cambio global aún es limitado.</subfield>
   </datafield>
   <datafield tag="653" ind2=" " ind1=" ">
      <subfield code="a">Reserves de la biosfera</subfield>
   </datafield>
   <datafield ind2="0" ind1="0" tag="245">
      <subfield code="a">El rol de les reserves de la biosfera en l'adaptació local al canvi global</subfield>
   </datafield>
</record></metadata></record></GetRecord></OAI-PMH>